Les villes les plus peuplées d'Aquitaine - Statistiques

Statistiques générales
  • Ce quiz a été pris 205 fois
  • Le résultat moyen est 11 sur 20
Statistiques - réponses
Population Ville % Correct
215 374 Bordeaux
100%
78 800 Pau
85%
29 529 Mont-de-Marsan
79%
40 113 Bayonne
78%
61 990 Mérignac
75%
30 046 Biarritz
74%
56 151 Pessac
71%
30 152 Périgueux
65%
30 199 Agen
62%
22 538 Libourne
62%
26 071 Bergerac
60%
22 538 Bègles
49%
37 228 Talence
48%
35 261 Anglet
47%
22 801 Villeneuve-sur-Lot
35%
22 976 La Teste-de-Buch
29%
22 801 Gradignan
28%
27 489 Villenave-d'Ornon
26%
25 590 Saint-Médard-en-Jalles
19%
22 976 Le Bouscat
17%
Aucun quiz correspondant
Distribution des résultats
% des personnes avec chaque résultat
Percentile par nombre de réponses
Votre historique - résultats
Vous n’avez pas pris ce quiz